000 00616cam a2200205 4500500
005 20260329001401.0
041 _afre
042 _adc
100 1 0 _aAtlan, Henri
_eauthor
700 1 0 _aTruong, Nicolas
_eauthor
245 0 0 _aHenri Atlan : « Le pire n’est jamais sûr »
260 _c2006.
500 _a25
690 _aClonage
690 _aProcréation
690 _aScience
690 _aTechnique
786 0 _nPhilosophie magazine | 5 | 12 | 2006-12-01 | p. 6-6 | 1951-1787
856 4 1 _uhttps://shs.cairn.info/magazine-philosophie-magazine-2006-12-page-6?lang=fr&redirect-ssocas=7080
999 _c1804869
_d1804869